书目信息 |
| 题名: |
独立于ZFC的数学问题
|
|
| 作者: | 王世强 著 | |
| 分册: | ||
| 出版信息: | 北京 北京师范大学出版社 1992 |
|
| 页数: | 277页 | |
| 开本: | 20cm | |
| 丛书名: | 北京师范大学现代数学丛书 | |
| 单 册: | ||
| 中图分类: | O144.3 | |
| 科图分类: | ||
| 主题词: | 数理逻辑 , 数学基础 | |
| 电子资源: | ||
| ISBN: | 7-303-01470-5 | |
| 000 | 00645nam0 2200217 450 | |
| 001 | 0732828906 | |
| 005 | 20070903090708.90 | |
| 010 | @a7-303-01470-5@d¥10.00 | |
| 100 | @a20070903d km y0chiy0120 ea | |
| 101 | 0 | @achi |
| 200 | 1 | @a独立于ZFC的数学问题@Adu li yu ZFC de shu xue wen ti@f王世强著@Fwang shi qiang zhu |
| 210 | @a北京@c北京师范大学出版社@d1992 | |
| 215 | @a277页@d20cm | |
| 225 | 2 | @a北京师范大学现代数学丛书 |
| 410 | 0 | @12001 @a北京师范大学现代数学丛书 |
| 606 | 0 | @a数理逻辑 |
| 606 | 0 | @a数学基础 |
| 690 | @aO144.3@v3 | |
| 701 | 0 | @a王世强@Awang shi qiang@4著 |
| 801 | 0 | @aCN@bPFT@c20070903 |
| 905 | @a213230@dO144.3@eS33@f1 | |
| 独立于ZFC的数学问题/王世强著.-北京:北京师范大学出版社,1992 |
| 277页;20cm.-(北京师范大学现代数学丛书) |
| ISBN 7-303-01470-5:¥10.00 |
| ● |
| 相关链接 |
|
|
|
|
正题名:独立于ZFC的数学问题
索取号:O144.3/S33
 
预约/预借
| 序号 | 登录号 | 条形码 | 馆藏地/架位号 | 状态 | 备注 |
| 1 | 6701231 | 267012314 | 密集书库-数信学院/ [索取号:O144.3/S33] | 在馆 | |
| 2 | 6701232 | 267012323 | 密集书库-数信学院/ [索取号:O144.3/S33] | 在馆 |